Memoria y dictadura : un espacio para la reflexión desde los derechos humanos /
Guardado en:
| Autor Principal: | |
|---|---|
| Formato: | Libro |
| Publicado: |
Buenos Aires :
Asamblea Permanente por los Derechos Humanos,
2001
|
| Materias: | |
| Etiquetas: |
Agregar Etiqueta
Sin Etiquetas, Sea el primero en etiquetar este registro!
|
| LEADER | 00657nam a22002055a 4500 | ||
|---|---|---|---|
| 001 | CEM.cems014134 | ||
| 008 | 130507s2001##################000#0#####d | ||
| 005 | 20210804181327.0 | ||
| 003 | CEMS | ||
| 245 | 1 | 0 | |a Memoria y dictadura : |b un espacio para la reflexión desde los derechos humanos / |c Ana Chanfreau y Otros |
| 260 | |a Buenos Aires : |b Asamblea Permanente por los Derechos Humanos, |c 2001 | ||
| 300 | |a 72 p. | ||
| 590 | |a 1188.013 | ||
| 100 | 1 | |a Chanfreau, Ana | |
| 653 | |a Memoria | ||
| 653 | |a Dictadura militar | ||
| 653 | |a Derechos humanos | ||
| 653 | |a Historia argentina | ||
| 653 | |a Biblioteca TC | ||
| 859 | |a CEMS |b BIB. CEMS - 11 de abril |h TC |p 1188.013 |t Ej.1 | ||
